Euroopan pääkaupungit "Hirsipuu" - Satunnainen - Statistics

Yleistilastot
  • Tätä visaa on pelattu 144 kertaa
  • Keskiarvotulos 7 / 8
Vastaustilastot
Kirjeet % Oikein
A
100%
A
100%
A
100%
A
100%
A
100%
A
100%
A
100%
A
100%
B
100%
B
100%
E
100%
E
100%
E
100%
H
100%
I
100%
I
100%
I
100%
J
100%
K
100%
L
100%
L
100%
L
100%
L
100%
L
100%
L
100%
L
100%
M
100%
N
100%
O
100%
O
100%
O
100%
R
100%
S
100%
S
100%
S
100%
S
100%
T
100%
T
100%
U
100%
U
100%
V
100%
T
88%
T
88%
V
88%
A
86%
E
86%
I
86%
I
86%
K
86%
N
86%
N
86%
R
86%
I
83%
I
83%
I
83%
K
83%
L
83%
R
83%
A
80%
A
80%
I
80%
H
71%
N
71%
P
71%
S
71%
S
71%
S
71%
T
71%
A
67%
B
67%
E
67%
E
67%
P
67%
R
67%
S
67%
N
60%
N
60%
I
57%
I
57%
N
50%
H
43%
T
40%
B
33%
D
33%
T
33%
U
33%
C
29%
U
29%
Ehtoja vastaavia visoja ei löytynyt
Tulosjakauma
Jokaisen tuloksen saaneiden osuus
Persentiili vastausten määrän mukaan
Tuloshistoriasi
Et ole pelannut tätä visaa